000 00436nam a2200169Ia 4500
003 OSt
005 20230516153058.0
008 210423s1974 xx 000 0 und d
040 _cAL
041 _aeng
082 _a302.2
_223
_bROBM
100 _aROBERGE (Gaston).
_9105940
245 _aMass communication and man.
260 _aAllahabad
_bBetter Yourself Books
_c1974
906 _acommunication ; man. ; Mass
942 _2ddc
_cBK
999 _c172273
_d172273